[Event "Ruhrgebiet Verbandsliga Gruppe 1 1819"]
[Site "Nordrheinwestfalen"]
[Date "2019.05.05"]
[Round "9.7"]
[White "Sporkert, Corina"]
[Black "Strohmann, Marcel"]
[Result "0-1"]
[WhiteElo "1784"]
[BlackElo "1861"]
[PlyCount "98"]
[EventDate "2018.09.23"]
[EventType "team-tourn"]
[EventRounds "9"]
[EventCountry "GER"]
[SourceTitle "EXT 2022"]
[Source "ChessBase"]
[SourceDate "2021.10.06"]
[SourceVersion "1"]
[SourceVersionDate "2021.10.06"]
[SourceQuality "1"]
[WhiteTeam "Hamm Koenigsspringer"]
[BlackTeam "Erkenschwick II"]
[WhiteTeamCountry "GER"]
[BlackTeamCountry "GER"]

1. e4 Nf6 2. Nc3 d5 3. exd5 Nxd5 4. Qf3 c6 5. Bc4 Nf6 6. Ne4 Nbd7 7. Nxf6+ Nxf6 8. Ne2 Qc7 9. d4 Bg4 10. Qb3 e6 11. Bf4 Bd6 12. Bxd6 Qxd6 13. f3 Bf5 14. 0-0-0 b5 15. Bd3 Bxd3 16. Qxd3 Nd5 17. Nc3 Nxc3 18. Qxc3 0-0 19. g3 b4 20. Qc4 Qd5 21. Qxd5 cxd5 22. c3 bxc3 23. bxc3 Rfc8 24. Kd2 Rc4 25. Rb1 Rac8 26. Rb3 Ra4 27. a3 g6 28. Ra1 Rac4 29. Rc1 Ra4 30. Ra1 Rac4 31. a4 Kg7 32. Raa3 Kf6 33. Rb7 R8c7 34. Rb8 Rc8 35. Rbb3 Kf5 36. Kd3 h5 37. Rb7 R8c7 38. Rxc7 Rxc7 39. Rb3 f6 40. Rb8 h4 41. a5 hxg3 42. hxg3 g5 43. Rb3 g4 44. f4 Rh7 45. Rb2 Rh3 46. Rg2 Rh1 47. c4 Rd1+ 48. Ke3 dxc4 49. Rc2 Rd3+ 0-1

[Event "Ruhrgebiet Verbandsliga Gruppe 1 1819"]
[Site "Nordrheinwestfalen"]
[Date "2018.12.02"]
[Round "4.6"]
[White "Artz, Klaus"]
[Black "Strohmann, Marcel"]
[Result "0-1"]
[WhiteElo "1855"]
[BlackElo "1843"]
[PlyCount "118"]
[EventDate "2018.09.23"]
[EventType "team-tourn"]
[EventRounds "9"]
[EventCountry "GER"]
[SourceTitle "EXT 2022"]
[Source "ChessBase"]
[SourceDate "2021.10.06"]
[SourceVersion "1"]
[SourceVersionDate "2021.10.06"]
[SourceQuality "1"]
[WhiteTeam "Bochum-Linden"]
[BlackTeam "Erkenschwick II"]
[WhiteTeamCountry "GER"]
[BlackTeamCountry "GER"]

1. c4 Nf6 2. Nc3 g6 3. g3 Bg7 4. Bg2 0-0 5. d4 c6 6. e4 d6 7. h3 e5 8. Be3 Nbd7 9. d5 c5 10. Nge2 Ne8 11. g4 h6 12. Qd2 Kh7 13. Ng3 a6 14. f3 Rb8 15. a4 Nc7 16. Qd3 b6 17. h4 Re8 18. g5 h5 19. Bh3 Nf8 20. Bxc8 Qxc8 21. Qe2 Qd7 22. Kf2 b5 23. axb5 axb5 24. cxb5 Nxb5 25. Nxb5 Rxb5 26. Ra2 Reb8 27. Rha1 R8b7 28. Kg2 Qc7 29. Qc2 Qb6 30. Bc1 Nd7 31. Ne2 Qc7 32. Bd2 Bf8 33. Nc3 R5b6 34. Nd1 Rb5 35. Ra6 R5b6 36. Rxb6 Nxb6 37. Ba5 Qb8 38. Bxb6 Rxb6 39. Ra2 Rb4 40. Qe2 Qb5 41. Qxb5 Rxb5 42. Ra7 Kg8 43. Kf2 Rb3 44. Ke2 Kg7 45. Ra2 Rb7 46. Kd3 Be7 47. Kc3 f6 48. gxf6+ Bxf6 49. Ra6 Rd7 50. Ne3 Bxh4 51. Nc4 Be7 52. Kd3 Kf6 53. Ke3 Kg5 54. Ra1 h4 55. Rg1+ Kh5 56. f4 exf4+ 57. Kxf4 Rb7 58. e5 Rb4 59. Rc1 Bg5+ 0-1

[Event "Ruhrgebiet Verbandsklasse 1617 Aufstieg"]
[Site "Germany"]
[Date "2017.05.28"]
[Round "1.2"]
[White "Lenz, Guntram"]
[Black "Strohmann, Marcel"]
[Result "1-0"]
[WhiteElo "1934"]
[BlackElo "1829"]
[PlyCount "75"]
[EventDate "2017.05.28"]
[EventType "team-tourn"]
[EventRounds "3"]
[EventCountry "GER"]
[SourceTitle "EXT 2022"]
[Source "ChessBase"]
[SourceDate "2021.10.06"]
[SourceVersion "1"]
[SourceVersionDate "2021.10.06"]
[SourceQuality "1"]
[WhiteTeam "Boenen SV"]
[BlackTeam "Erkenschwick II"]
[WhiteTeamCountry "GER"]
[BlackTeamCountry "GER"]

1. d4 Nf6 2. c4 g6 3. g3 Bg7 4. Bg2 0-0 5. Nf3 d6 6. 0-0 Nbd7 7. Nc3 e5 8. e4 c6 9. Qc2 Qc7 10. Rd1 Nb6 11. b3 Bg4 12. Be3 Rfd8 13. a4 a5 14. Rac1 Rac8 15. h3 Bxf3 16. Bxf3 Kh8 17. Kg2 Nbd7 18. d5 c5 19. Nb5 Qb8 20. Qd2 b6 21. g4 Rf8 22. h4 h5 23. gxh5 Nxh5 24. Bxh5 gxh5 25. Qe2 Nf6 26. Bg5 Ng4 27. Be7 Rcd8 28. Rc3 Rfe8 29. Bxd8 Qxd8 30. Kh3 Bf6 31. Rg1 Bxh4 32. Rxg4 hxg4+ 33. Qxg4 Bf6 34. Kh2 Bg7 35. Rh3+ Kg8 36. Rg3 Qf6 37. Nxd6 Qxd6 38. Qxg7# 1-0

[Event "Ruhrgebiet Verbandsklasse Gruppe 3 1617"]
[Site "Germany"]
[Date "2017.04.30"]
[Round "9.2"]
[White "Weinert, Christian"]
[Black "Strohmann, Marcel"]
[Result "1/2-1/2"]
[WhiteElo "1944"]
[BlackElo "1844"]
[PlyCount "44"]
[EventDate "2016.09.04"]
[EventType "team-tourn"]
[EventRounds "9"]
[EventCountry "GER"]
[SourceTitle "EXT 2022"]
[Source "ChessBase"]
[SourceDate "2021.10.06"]
[SourceVersion "1"]
[SourceVersionDate "2021.10.06"]
[SourceQuality "1"]
[WhiteTeam "Mengede SG"]
[BlackTeam "Erkenschwick II"]
[WhiteTeamCountry "GER"]
[BlackTeamCountry "GER"]

1. c4 Nf6 2. Nc3 g6 3. e4 d6 4. d4 Bg7 5. f4 0-0 6. Nf3 Bg4 7. Be3 c5 8. Be2 Nbd7 9. e5 Ne8 10. h3 Bxf3 11. Bxf3 cxd4 12. Qxd4 dxe5 13. Qd2 Nd6 14. b3 e4 15. Be2 Nf5 16. Rd1 Bxc3 17. Qxc3 Nxe3 18. Qxe3 Qa5+ 19. Kf2 Qc7 20. Qxe4 Nf6 21. Qe3 Rad8 22. Bf3 b6 1/2-1/2

[Event "Ruhrgebiet Verbandsklasse Gruppe 3 1617"]
[Site "Germany"]
[Date "2016.12.18"]
[Round "5.2"]
[White "Arndt, Olaf"]
[Black "Strohmann, Marcel"]
[Result "1/2-1/2"]
[WhiteElo "1943"]
[BlackElo "1848"]
[PlyCount "70"]
[EventDate "2016.09.04"]
[EventType "team-tourn"]
[EventRounds "9"]
[EventCountry "GER"]
[SourceTitle "EXT 2022"]
[Source "ChessBase"]
[SourceDate "2021.10.06"]
[SourceVersion "1"]
[SourceVersionDate "2021.10.06"]
[SourceQuality "1"]
[WhiteTeam "Horst Emscher II"]
[BlackTeam "Erkenschwick II"]
[WhiteTeamCountry "GER"]
[BlackTeamCountry "GER"]

1. e4 Nf6 2. e5 Nd5 3. d4 d6 4. Nf3 dxe5 5. Nxe5 c6 6. Qf3 Nf6 7. Bc4 e6 8. Be3 Bd6 9. 0-0 Nbd7 10. Nd3 0-0 11. Nd2 Qc7 12. Bf4 e5 13. dxe5 Nxe5 14. Nxe5 Bxe5 15. Bxe5 Qxe5 16. Qb3 b5 17. Bd3 Be6 18. Nf3 Qc5 19. Qc3 Qxc3 20. bxc3 Rad8 21. Rfe1 Rfe8 22. a4 a6 23. axb5 axb5 24. Nd4 Bd5 25. f3 Rxe1+ 26. Rxe1 Re8 27. Ra1 g6 28. Ra6 Rc8 29. Nxb5 cxb5 30. Rxf6 Rxc3 31. Rb6 Bc4 32. Rc6 Kf8 33. Kf2 Ke7 34. Ke3 Ra3 35. g3 Bxd3 1/2-1/2

[Event "NRW Verbandsklasse Group3 1314"]
[Site "Nordrheinwestfalen"]
[Date "2013.10.13"]
[Round "2.3"]
[White "Strohmann, Marcel"]
[Black "Heinzel, Peter"]
[Result "1-0"]
[WhiteElo "1809"]
[BlackElo "1911"]
[PlyCount "121"]
[EventDate "2013.09.08"]
[EventType "team-tourn"]
[EventRounds "9"]
[EventCountry "GER"]
[SourceTitle "EXT 2020"]
[Source "ChessBase"]
[SourceDate "2019.10.17"]
[SourceVersion "1"]
[SourceVersionDate "2019.10.17"]
[SourceQuality "1"]
[WhiteTeam "Erkenschwick II"]
[BlackTeam "Muelheim SC"]
[WhiteTeamCountry "GER"]
[BlackTeamCountry "GER"]

1. e4 b6 2. d4 Bb7 3. Nc3 e6 4. Nf3 Bb4 5. Bd3 Nf6 6. Qe2 c5 7. Bd2 Nc6 8. Nb5 0-0 9. c3 c4 10. Bxc4 Be7 11. Bf4 d5 12. exd5 Nxd5 13. Bxd5 exd5 14. 0-0 a6 15. Na3 Bxa3 16. bxa3 b5 17. Rab1 Qa5 18. Bd6 Rfe8 19. Qd3 Ne7 20. Ng5 Ng6 21. h4 Qd8 22. Bg3 h6 23. Nf3 Qf6 24. Rfe1 Re4 25. Re2 Rae8 26. Rbe1 Nf4 27. Bxf4 Qxf4 28. Nd2 R4e6 29. Rxe6 Rxe6 30. Rxe6 fxe6 31. Qe3 Qxe3 32. fxe3 Kf7 33. Kf2 Kf6 34. Nf3 Kf5 35. Ne5 Bc8 36. g4+ Kf6 37. h5 Bb7 38. Kf3 Kg5 39. Kg3 Bc8 40. Ng6 Kf6 41. Kf4 Bd7 42. Nf8 Be8 43. Nh7+ Ke7 44. Ke5 Bf7 45. g5 Bxh5 46. gxh6 gxh6 47. Nf6 Bf7 48. e4 dxe4 49. Nxe4 h5 50. Nc5 h4 51. Kf4 Kd6 52. Kg4 Kd5 53. Nxa6 Kc4 54. Nc7 Kxc3 55. Nxb5+ Kc4 56. Nd6+ Kxd4 57. Nxf7 e5 58. Kxh4 e4 59. Kg3 Kc4 60. Nd6+ Kc5 61. Nxe4+ 1-0

[Event "Dortmund Sparkassen op-A"]
[Site "Dortmund"]
[Date "2012.07.21"]
[Round "8"]
[White "Henkemeier, Markus"]
[Black "Strohmann, Marcel"]
[Result "1-0"]
[WhiteElo "1950"]
[BlackElo "1801"]
[PlyCount "47"]
[EventDate "2012.07.14"]
[EventType "swiss"]
[EventRounds "9"]
[EventCountry "GER"]
[SourceTitle "CBM 149 Extra"]
[Source "ChessBase"]
[SourceDate "2012.08.24"]
[SourceVersion "1"]
[SourceVersionDate "2012.08.24"]
[SourceQuality "1"]

1. e4 Nf6 2. Nc3 d5 3. e5 d4 4. Nce2 Ng4 5. f4 Nc6 6. Nf3 e6 7. h3 Nh6 8. g4 Bc5 9. d3 Bd7 10. Bg2 Bb6 11. Bd2 Qe7 12. a3 Ng8 13. b4 a6 14. Qb1 f6 15. Qb2 fxe5 16. fxe5 Rb8 17. Rf1 h6 18. g5 hxg5 19. Bxg5 Qf7 20. Nfxd4 Qg6 21. Nxc6 Bxc6 22. Bxc6+ bxc6 23. h4 Ne7 24. Nf4 1-0

[Event "Dortmund Sparkassen op-A"]
[Site "Dortmund"]
[Date "2012.07.18"]
[Round "5"]
[White "Strohmann, Marcel"]
[Black "Bausch, Thomas"]
[Result "1/2-1/2"]
[WhiteElo "1801"]
[BlackElo "1947"]
[PlyCount "100"]
[EventDate "2012.07.14"]
[EventType "swiss"]
[EventRounds "9"]
[EventCountry "GER"]
[SourceTitle "CBM 149 Extra"]
[Source "ChessBase"]
[SourceDate "2012.08.24"]
[SourceVersion "1"]
[SourceVersionDate "2012.08.24"]
[SourceQuality "1"]

1. e4 d6 2. d4 Nf6 3. Nc3 g6 4. Nf3 Bg7 5. Be2 c6 6. 0-0 0-0 7. h3 Nbd7 8. Be3 e5 9. dxe5 dxe5 10. a4 Qe7 11. Nd2 Rd8 12. Nc4 Nb6 13. Bc5 Rxd1 14. Bxe7 Rxa1 15. Rxa1 Be6 16. Nd6 Rb8 17. Rd1 Nc8 18. Nxc8 Rxc8 19. a5 Nd7 20. Na4 Bf8 21. Bxf8 Kxf8 22. b4 Ke7 23. Nc5 Nxc5 24. bxc5 Rd8 25. Rb1 Bc8 26. Rb4 a6 27. Bd3 f5 28. f3 fxe4 29. fxe4 Kf6 30. h4 g5 31. hxg5+ Kxg5 32. g3 Rf8 33. Kg2 Rf7 34. Bc4 Rf6 35. Rb3 h5 36. Rf3 Bh3+ 37. Kf2 Rxf3+ 38. Kxf3 Bg4+ 39. Kf2 Kf6 40. c3 Kg5 41. Ke3 Bd7 42. Kf3 Kg6 43. Ke3 Bg4 44. Kf2 Kf6 45. Ke3 Bd1 46. Kf2 Bg4 47. Ke3 Be6 48. Be2 Kg5 49. Kf2 Bh3 50. Bc4 h4 1/2-1/2

[Event "Regionalliga NW 0506"]
[Site "Bayern"]
[Date "2006.04.02"]
[Round "9.8"]
[White "Strohmann, Marcel"]
[Black "Becker, Alexander1"]
[Result "0-1"]
[WhiteElo "1311"]
[BlackElo "1937"]
[PlyCount "126"]
[EventDate "2005.10.23"]
[EventType "team-tourn"]
[EventRounds "9"]
[EventCountry "GER"]
[SourceTitle "EXT 2007"]
[Source "ChessBase"]
[SourceDate "2006.11.23"]
[SourceVersion "1"]
[SourceVersionDate "2006.11.23"]
[SourceQuality "1"]

1. Nf3 Nf6 2. g3 c5 3. Bg2 Nc6 4. 0-0 g6 5. d3 Bg7 6. Nbd2 d6 7. c3 Rb8 8. Qc2 0-0 9. Re1 b5 10. b3 Qb6 11. Rb1 a5 12. Bb2 Bb7 13. e4 Nd7 14. Rbc1 Rfc8 15. Nf1 Ba6 16. Ne3 e6 17. Bf1 Nce5 18. Nd2 g5 19. Be2 Ng6 20. Nf3 h6 21. Qd2 Bb7 22. Ng2 Nde5 23. Nxe5 dxe5 24. Bf1 Rd8 25. Qc2 Rd7 26. Rcd1 Rbd8 27. Rd2 Ba6 28. Red1 Ne7 29. Ne1 Nc6 30. Be2 Rd6 31. Bf3 R8d7 32. Be2 Qd8 33. Bf1 g4 34. Be2 h5 35. Bf1 Bh6 36. Re2 c4 37. Ba3 cxd3 38. Nxd3 Rxd3 39. Rb1 Rd2 40. Qc1 Kg7 41. Rxd2 Rxd2 42. Qe1 Rxa2 43. Bc1 Bxc1 44. Qxc1 Qd2 45. Qxd2 Rxd2 46. c4 bxc4 47. bxc4 Nd4 48. Rb6 Nf3+ 49. Kg2 Bc8 50. c5 Rc2 51. c6 Nd4 52. Bb5 Nxb5 53. Rxb5 Rxc6 54. Rxa5 f6 55. h3 Kg6 56. hxg4 hxg4 57. f3 Rc2+ 58. Kh1 gxf3 59. Ra1 Bb7 60. Re1 f2 61. Rf1 Bxe4+ 62. Kh2 Bd3 63. Rh1 f1Q# 0-1

[Event "Sachsen-ch int U08"]
[Site "Sebnitz"]
[Date "2004.10.19"]
[Round "5.1"]
[White "Strohmann, Marcel"]
[Black "Moehn, Hans"]
[Result "1/2-1/2"]
[WhiteElo "941"]
[BlackElo "1012"]
[PlyCount "152"]
[EventDate "2004.10.??"]
[EventType "swiss"]
[EventRounds "9"]
[EventCountry "GER"]
[SourceTitle "EXT 2006"]
[Source "ChessBase"]
[SourceDate "2005.11.24"]
[SourceVersion "1"]
[SourceVersionDate "2005.11.24"]
[SourceQuality "1"]

1. f4 d5 2. Nf3 Bg4 3. e3 Nf6 4. b3 Nc6 5. Bb2 e6 6. Bb5 Be7 7. 0-0 0-0 8. d3 a6 9. Bxc6 bxc6 10. Nbd2 c5 11. Qe1 Nh5 12. h3 Bxf3 13. Nxf3 Bf6 14. Bxf6 Nxf6 15. Ne5 Nd7 16. Nc6 Qf6 17. d4 Qh6 18. Qg3 cxd4 19. exd4 Nf6 20. Ne7+ Kh8 21. f5 Ne4 22. Qf4 Qxf4 23. Rxf4 c5 24. dxc5 Nxc5 25. Raf1 Rfe8 26. fxe6 fxe6 27. a4 h6 28. Ng6+ Kh7 29. Nf8+ Kg8 30. Ng6 Kh7 31. Ne5 Ne4 32. Rg4 Nd2 33. Rf7 Rg8 34. Nd7 Ne4 35. Rxe4 dxe4 36. Re7 Kh8 37. Rxe6 Rge8 38. Rd6 e3 39. Rd1 Re7 40. Nc5 a5 41. Re1 e2 42. c3 Rc8 43. b4 axb4 44. cxb4 Rd8 45. b5 Rc8 46. Nb3 Re3 47. Nd4 Rd8 48. Nxe2 Ra8 49. Kf2 Re6 50. Ra1 Rb6 51. Nd4 Kg8 52. a5 Rf6+ 53. Kg1 Rd6 54. b6 Rxd4 55. b7 Rb8 56. a6 Rb4 57. Rc1 R8xb7 58. axb7 Rxb7 59. Kf2 Kf7 60. g4 Kf6 61. Kf3 Rb3+ 62. Kg2 Rb5 63. Rc6+ Kf7 64. Kf3 Re5 65. Kf4 Re6 66. Rc7+ Re7 67. Rc5 Kf6 68. h4 Re1 69. g5+ hxg5+ 70. hxg5+ Kg6 71. Rc6+ Kh7 72. Kf5 Rf1+ 73. Kg4 Rg1+ 74. Kf5 Rf1+ 75. Kg4 Rg1+ 76. Kf5 Rf1+ 1/2-1/2

[Event "GER-ch U25 op"]
[Site "Willingen"]
[Date "2004.06.01"]
[Round "6"]
[White "Finkbeiner, Alina"]
[Black "Strohmann, Marcel"]
[Result "0-1"]
[WhiteElo "904"]
[BlackElo "821"]
[PlyCount "90"]
[EventDate "2004.05.30"]
[EventType "swiss"]
[EventRounds "9"]
[EventCountry "GER"]
[SourceTitle "EXT 2005"]
[Source "ChessBase"]
[SourceDate "2004.11.15"]
[SourceVersion "1"]
[SourceVersionDate "2004.11.15"]
[SourceQuality "1"]

1. e4 c6 2. d4 d5 3. exd5 cxd5 4. Nc3 Nf6 5. g3 e6 6. Bg2 Nc6 7. Bf4 Bb4 8. Nf3 Ne4 9. 0-0 Nxc3 10. bxc3 Bxc3 11. Rb1 f6 12. Qe2 Nxd4 13. Nxd4 Bxd4 14. Bh3 f5 15. Bxf5 Qf6 16. Qb5+ Kf7 17. Bg4 Rd8 18. Rbe1 Qe7 19. Qd3 e5 20. Qxh7 Bxg4 21. Bh6 e4 22. h3 Bxh3 23. Bg5 Rh8 24. Qxh8 Rxh8 25. Bxe7 Bxf1 26. Rxf1 Kxe7 27. Rd1 Bb6 28. Rxd5 Rh6 29. g4 Rg6 30. Kf1 Rxg4 31. Ke2 Rg2 32. Re5+ Kf6 33. Rxe4 Rxf2+ 34. Kd3 Kf5 35. a4 g5 36. Re8 g4 37. Rf8+ Kg5 38. Rxf2 Bxf2 39. Ke2 g3 40. Kf1 Kh4 41. Kg2 a5 42. c4 b6 43. Kh1 Kg4 44. Kg2 Bd4 45. c5 bxc5 0-1

[Event "GER-ch U25 op"]
[Site "Willingen"]
[Date "2004.05.31"]
[Round "4"]
[White "Lebeda, Lukas"]
[Black "Strohmann, Marcel"]
[Result "0-1"]
[WhiteElo "1135"]
[BlackElo "821"]
[PlyCount "85"]
[EventDate "2004.05.30"]
[EventType "swiss"]
[EventRounds "9"]
[EventCountry "GER"]
[SourceTitle "EXT 2005"]
[Source "ChessBase"]
[SourceDate "2004.11.15"]
[SourceVersion "1"]
[SourceVersionDate "2004.11.15"]
[SourceQuality "1"]

1. d4 d5 2. Nc3 Nf6 3. Bf4 Bd7 4. e3 c6 5. Nf3 Bf5 6. b4 e6 7. b5 Bb4 8. Qd2 Qa5 9. Qc1 Bxc3+ 10. Nd2 Bxa1 11. Qxa1 Ne4 12. Qc1 Nxd2 13. Qxd2 Qxd2+ 14. Kxd2 0-0 15. h4 cxb5 16. Bxb5 a6 17. Be2 Nd7 18. f3 f6 19. g4 Bg6 20. e4 dxe4 21. fxe4 Bxe4 22. Re1 e5 23. dxe5 fxe5 24. Bg3 Bf3 25. g5 Bxe2 26. Rxe2 Rad8 27. Kc1 Rf1+ 28. Kb2 Rf3 29. Bf2 Re8 30. Rd2 b5 31. Rxd7 Rxf2 32. Kc3 e4 33. Rd1 e3 34. Re1 e2 35. Kd2 Rd8+ 36. Ke3 Rh2 37. h5 Re8+ 38. Kd2 Rxh5 39. c3 Rxg5 40. Rxe2 Rxe2+ 41. Kxe2 h5 42. Kf3 h4 43. Kf4 0-1